000
00216 a2200097 4500
001
3976
100
_a
Schwartz,J.T
245
_a
Introduction to matrices & vectors
260
_a
_b
Mcgrawhill
_c
090
_c
3205
_d
3205
942
_a
NUST-CAE
_c
M
_c
24503
999
_c
239049
_d
239049